| Tag |
First Indicator |
Second Indicator |
Subfields |
| LEADER |
00000cam a22000001i 4500 |
| 001 |
in00004092004 |
| 006 |
m |o d | |
| 007 |
cr |n||||||||| |
| 008 |
191124s2019 nju ob 000 0 eng d |
| 005 |
20221130133805.3 |
| 020 |
|
|
|a 9780691197968 (electronic bk.)
|
| 020 |
|
|
|a 0691197962 (electronic bk.)
|
| 020 |
|
|
|z 0691197210
|
| 020 |
|
|
|z 9780691197210
|
| 024 |
8 |
|
|a 99987761264
|
| 035 |
|
|
|a (NhCcYBP)ebc5851035
|
| 035 |
|
|
|a in00004092004
|
| 040 |
|
|
|a NhCcYBP
|c NhCcYBP
|d UtOrBLW
|
| 041 |
1 |
|
|a eng
|h spa
|
| 050 |
|
4 |
|a BH205
|b .O713 2019
|
| 082 |
0 |
4 |
|a 700.17
|2 23
|
| 100 |
1 |
|
|a Ortega y Gasset, José,
|d 1883-1955,
|e author.
|0 http://id.loc.gov/authorities/names/n79022007
|
| 240 |
1 |
0 |
|a Deshumanización del arte.
|l English
|0 http://id.loc.gov/authorities/names/no2001085948
|
| 245 |
1 |
4 |
|a The dehumanization of art :
|b and other essays on art, culture, and literature /
|c by Jose Ortega Y Gasset ; with a new foreword by Anthony J. Cascardi.
|
| 250 |
|
|
|a First Princeton Classics paperback edition.
|
| 264 |
|
1 |
|a Princeton, New Jersey :
|b Princeton University Press,
|c 2019.
|
| 300 |
|
|
|a 1 online resource.
|
| 336 |
|
|
|a text
|b txt
|2 rdacontent
|
| 337 |
|
|
|a computer
|b c
|2 rdamedia
|
| 338 |
|
|
|a online resource
|b cr
|2 rdacarrier
|
| 490 |
1 |
|
|a Princeton classics
|
| 500 |
|
|
|a Reprint. Originally published: 1968.
|
| 500 |
|
|
|a Translation of: La dehumanizacion del arte e ideas sobre la novela. 1925.
|
| 504 |
|
|
|a Includes bibliographical references.
|
| 505 |
0 |
|
|a The dehumanization of art -- Notes on the novel -- On point of view in the arts -- In search of Goethe from within -- The self and the other.
|
| 588 |
|
|
|a Description based on print version record.
|
| 500 |
|
|
|a Electronic resource.
|
| 650 |
|
0 |
|a Aesthetics.
|0 http://id.loc.gov/authorities/subjects/sh85001441
|
| 650 |
|
0 |
|a Fiction.
|0 http://id.loc.gov/authorities/subjects/sh85048050
|
| 655 |
|
7 |
|a Electronic books.
|2 local
|
| 710 |
2 |
|
|a ProQuest (Firm)
|0 http://id.loc.gov/authorities/names/n2007068018
|
| 776 |
1 |
8 |
|c Original
|z 0691197210
|z 9780691197210
|
| 830 |
|
0 |
|a Princeton classics.
|0 http://id.loc.gov/authorities/names/no2013132564
|
| 856 |
4 |
0 |
|u https://ebookcentral.proquest.com/lib/tamucs/detail.action?docID=5851035
|z Connect to the full text of this electronic book
|t 0
|
| 945 |
|
|
|b 927607
|
| 955 |
|
|
|a YBP purchased DDA e-records
|
| 980 |
|
|
|b 46.88
|g 1
|
| 987 |
|
|
|a ybp16356152
|
| 999 |
f |
f |
|s 7400316d-7db9-45c0-b3c5-42f33c34b528
|i f7f84bb7-77dc-3168-a640-b00a78b9e4f1
|t 0
|
| 952 |
f |
f |
|a Texas A&M University
|b College Station
|c Electronic Resources
|d Available Online
|t 0
|e BH205 .O713 2019
|h Library of Congress classification
|
| 998 |
f |
f |
|a BH205 .O713 2019
|t 0
|l Available Online
|